000 00745nab a2200229u 4500
001 17826
003 HDC
007 c| |||a|c|aaaa
008 210224b20140627my ||||| |||| 00| 0 may d
040 _aHDC
245 0 _aPNS, Kopitiam Asia Pacific buka program francais
336 _atext
_2rdacontent
337 _acomputer
_2rdamedia
338 _aonline resource
_2rdacarrier
650 _aOld Town White Coffee
_911424
650 _aPerbadanan Nasional Berhad (PNS)
_99632
710 _aBERITA HARIAN
856 _zRequest full-text at [email protected]
942 _2lcc
942 _cNEWS
942 _kNWSC 005024
999 _c15142
_d15142